00926nam a2200241 a 450000100100000000500170001000800410002704000250006808200180009310000590011124500950017026000510026530000270031649000260034365000270036965000310039665100430042770000320047083000340050204900090053695201220054599900170066700002100220200930011217.0100828s1967 sp r 000 0 spa d aDO-SdBNPbspacBNPHU a864.42bC288v1 aCarnarvon, Henry John George Herbert, Conde de,94395510aViajes por la Península Ibérica /cConde de Carnarvon ; traducción de Jesús Pardo. aMadrid, (España) :bTaurus Ediciones,c1967. a163, [12] p. ;c18 cm.1 aTemas de Españav57 4aEnsayo español93923 4aLiteratura española9632 4aEspañaxDescripciones Y Viajes930961 aPardo, Jesús,etr.910903 0aTemas de España ;v5796849 aBNGR 001054708MOaGRbGRcCTd2010-08-28iLF1l0o864.42 C288vp21002-10r2020-06-25w2020-06-25y4ZPréstamo en sala c20505d20505